Score 0/101 Timer 11:00
7 Plays Today
% Correct
Apes
87.1%
And
86.9%
Ark
86.9%
Ace
86.9%
A
86.7%
Around
86.5%
Alabama
86.5%
Alone
86.5%
Away
86.4%
Are
86.3%
Austin
86.3%
Air
86.3%
Angeles
86.2%
Anymore
85.6%
Art
85.4%
Azkaban
85.3%
Am
85.1%
At
84.8%
Arabia
84.4%
Any
84.3%
Automobiles
84.1%
Apollo
84.1%
Angry
84%
April
84%
Attraction
83.8%
Always
83.3%
Ado
82.8%
All
82.8%
Angels
82.7%
Act
82.5%
Amigos
82.3%
Amazing
82.2%
Artificial
81.8%
Anchorman
81.7%
% Correct
Axe
81.1%
About
80.8%
Again
80.6%
Afraid
80.5%
Attack
80.3%
America
80%
An
79.4%
According
79.3%
Alien
79.2%
Annie
78.1%
Age
77.2%
American
77%
Affair
75.9%
Animal
75.9%
Attacks
75.6%
Adventures
75.4%
Abbott
75.4%
Agent
75.3%
Amityville
74.7%
Africa
74.2%
Apocalypse
73%
Affairs
71.6%
Arms
70.9%
Action
70.4%
Arizona
70.2%
African
70.2%
Anything
69.5%
Another
68.9%
Adventure
68.1%
Also
66.5%
Atlas
65.8%
Arsenic
65%
Anatomy
64.4%
Ain't
63.6%
% Correct
Arthur
63.5%
Andromeda
62.3%
Anchors
62.1%
Adam's
61.9%
Alice
61.8%
Arm
61.6%
Anger
61.1%
Assault
60.5%
Apple
58.2%
Assassination
57.9%
Astronaut's
57.3%
Advertising
54.7%
Allows
54.3%
Awful
52.1%
Alice's
51.9%
Army
51%
Apache
50.8%
Atlantic
50.8%
Absence
49%
Auntie
47.8%
Animator
46.6%
Asphalt
46.2%
Abominable
43.2%
Amazon
42.4%
Avenger
42.3%
Alley
42.1%
Andre
40.1%
Alexander
37.6%
Ambersons
37.3%
Anna
35.8%
August
30%
Autumn
25.6%
Aguirre
24.9%
Remove Ads.
Support Sporcle.
Get the best of Sporcle when you Go Orange. This ad-free experience offers more features, more stats, and more fun while also helping to support Sporcle. Thank you for becoming a member.

You're not logged in!

Compare scores with friends on all Sporcle quizzes.
OR
Log In

Show Comments

Extras

Top Quizzes Today


Score Distribution

Your Account Isn't Verified!

In order to create a playlist on Sporcle, you need to verify the email address you used during registration. Go to your Sporcle Settings to finish the process.

Report this User

Report this user for behavior that violates our Community Guidelines.

Details: